000 01482nam a2200361 c 4500
999 _c199160
_d199160
003 BLK
005 20241026122910.0
008 180411b bul|||||r ||||||| ||bul||
010 _aKNG00208537000
020 _a978-954-26-1608-2
040 _aBLK
041 _aBUL
_cBUL
072 7 _2bullib
_aН83
_xЧужда художествена литература Н
080 _aНемска литература
_b821.112.2
_x-31
_z821.112.2-31
100 1 _aТейлър, Катрин
_eпърви автор
_9345904
139 _aТейлър, Катрин
_bТ 45
245 1 0 _aИмението Дарингам: Кн. 2
_bТрилогия : Кн. 1 -
_cКатрин Тейлър; прев. от нем. Емилия Владимирова Драганова.
_nКн. 2
_pРешението
257 _aDEU
260 _c2017 -
_fСофия : Алианс принт
300 _a272 с.
_c20 см
380 _aX
653 _aромани
659 _aН
700 1 _aДраганова, Емилия Владимирова
_eпрев. от нем.
_9370749
760 1 _aТейлър, Катрин
_dХермес, 2017
_h272 с.
_nОриг. загл. Die Entscheidung / Kathryn Taylor.
_tКн. 2 Решението
852 _aЦб 284470
856 4 _qpdf
856 4 _qpdf
942 _cKNG
_n0
_066
944 _aCR
_c26.06.2017
_lИваничка Йорданова
_k30553
944 _aED
_c17.11.2017
_lф /
_kПенка_Димитрова
999 _d199160